00767nam a2200205 a 450000100060000000300080000600500170001400800410003103500440007204000370011604100080015308200220016124501460018326000590032930000300038850000310041850400290044965000350047870000480051322691BD-RjUL20211209000835.0140223s1966 -usacb edb 000 0 eng d aOCLC 01870370 from fd09a(BD-RjUL)22756 aDLCcFQGdEQOdEQOdBD-RjULbeng aeng a032221bENC 196610aEncyclopaedia Britannica :ba new survey of universal knowledge /cWarren E. Preece, ...[et. al.], ed.nVolume 20 :pSARSAPARILLA TO SORCERY aChicago ;aLondon :bEncyclopaedia Britannica,cc1966. a1008 p.:bill. ;c28 cm. aIndex and atlas - Vol. 24. aIncludes bibliographies. 0aEncyclopedias and dictionaries1 a Preece, Warren E. ...[et. al.], ed.d1894-